The mummy's dream (Record no. 162610)

MARC details
000 -LEADER
campo de control de longitud fija 00678nam a2200157 i 4500
001 - NÚMERO DE CONTROL
campo de control 162610
003 - IDENTIFICADOR DE NÚMERO DE CONTROL
campo de control ES-MaACL
005 - FECHA Y HORA DE LA ÚLTIMA TRANSACCIÓN
campo de control 20230906212550.0
008 - DATOS DE LONGITUD FIJA--INFORMACIÓN GENERAL
campo de control de longitud fija 041122s1898 xxkao |||| | eng d
040 ## - FUENTE DE CATALOGACIÓN
Centro catalogador/agencia de origen CAM
Lengua de catalogación spa
Centro/agencia transcriptor CAM
100 1# - ENTRADA PRINCIPAL--NOMBRE DE PERSONA
Nombre de persona Proctor, H.B.
9 (RLIN) 131384
245 14 - MENCIÓN DEL TÍTULO
Título The mummy's dream
Resto del título : an egyptian story of the exodus /
Mención de responsabilidad, etc. written and illustrated by H.B. Proctor.
260 ## - PUBLICACIÓN, DISTRIBUCIÓN, ETC.
Lugar de publicación, distribución, etc. London :
Nombre del editor, distribuidor, etc. Simpkin, Marshall & Co. ;
Lugar de publicación, distribución, etc. Liverpool :
Nombre del editor, distribuidor, etc. Edward Howell,
Fecha de publicación, distribución, etc. 1898 (
Lugar de fabricación/manufactura Edimburgh :
Fabricante printed by R. & R. Clark)
300 ## - DESCRIPCIÓN FÍSICA
Extensión XIV, [4], 257 p., [1] h. de fot. :
Otras características físicas il. ;
Dimensiones 18 cm.
852 ## - LOCALIZACIÓN
Ubicación ES-MaACL
Número de control de estantería G-10494
Nota libre -- Enc. hol., conservando la cub. original cromolit.
-- -- Donativo de Dresser
Holdings
Estatus retirado Estado de pérdida Estado de daño No para préstamo Colección Biblioteca de origen Biblioteca actual Ubicación en estantería Fecha de adquisición Fuente de adquisición Total de préstamos Signatura topográfica completa Código de barras Visto por última vez Precio de reemplazo Tipo de ítem Koha
        Libros del s. XIX Biblioteca del Ateneo de Madrid Biblioteca del Ateneo de Madrid Sala Pecera Planta 3 17/01/2008     G-10494 1170354 23/02/2023 23/02/2023 Libro impreso antiguo